In the Olympic spirit (Record no. 77524)

MARC details
000 -LEADER
fixed length control field 01070cab a2200217 4500
001 - CONTROL NUMBER
control field ##L134434
008 - FIXED-LENGTH DATA ELEMENTS--GENERAL INFORMATION
fixed length control field 060804n2006 000 0 eng u
035 ## - SYSTEM CONTROL NUMBER
System control number (Sirsi) u134434
041 0# - LANGUAGE CODE
Language code of text/sound track or separate title eng
100 1# - MAIN ENTRY--PERSONAL NAME
Personal name Atkinson, James
245 00 - TITLE STATEMENT
Title In the Olympic spirit
260 ## - PUBLICATION, DISTRIBUTION, ETC.
Date of publication, distribution, etc. 2006
490 #0 - SERIES STATEMENT
Series statement Contract Journal
Volume/sequential designation 434(6586) 2 August 2006, 8(1)
520 ## - SUMMARY, ETC.
Summary, etc. Reports that the procurement policy issued by the Olympic Delivery Authority (ODA) commits the ODA to working in partnership with its supply chain. The choice of the NEC3 contract promotes this collaborative approach, in that it commits the parties to resolve problems as they arise, and also requires the setting up of a disputes resolution board. The ODA is refusing to commit to prices for any of the venues, but is confident that construction costs will not spiral out of control, in contrast with other major projects.
590 ## - LOCAL NOTE (RLIN)
Local note IKA010806
650 24 - SUBJECT ADDED ENTRY--TOPICAL TERM
Topical term or geographic name entry element OLYMPIC GAMES 2012
650 24 - SUBJECT ADDED ENTRY--TOPICAL TERM
Topical term or geographic name entry element NEW ENGINEERING CONTRACT (THIRD EDITION)
651 #4 - SUBJECT ADDED ENTRY--GEOGRAPHIC NAME
Geographic name LONDON
690 ## - LOCAL SUBJECT ADDED ENTRY--TOPICAL TERM (OCLC, RLIN)
Topical term or geographic name as entry element Procurement
9 (RLIN) 6260
942 ## - ADDED ENTRY ELEMENTS (KOHA)
Suppress in OPAC 0
Holdings
Withdrawn status Lost status Source of classification or shelving scheme Damaged status Not for loan Home library Current library Shelving location Date acquired Total Checkouts Full call number Barcode Date last seen Copy number Price effective from Koha item type
    Dewey Decimal Classification     London London Journal article 04/08/2006   L134434 134434-1001 06/08/2019 1 06/08/2019 Journal article